LEADER 00906nam2-22003011i-450- 001 990000177640403321 035 $a000017764 035 $aFED01000017764 035 $a(Aleph)000017764FED01 035 $a000017764 100 $a20011111d--------km-y0itay50------ba 101 0 $aita 105 $ay-------001yy 200 1 $a1. : 506 p. 210 $aNapoli$cTipografia di F. Vitale$d1856- 215 $av.$d29 cm 461 0$1001000013360$12001$aStoria de' monumenti di Napoli e degli architetti che gli edificavano dallo stabilimento della monarchia, sino ainostri giorni 610 0 $aNapoli$aArchitettura 676 $a720.945 731 700 1$aSasso,$bCamillo Napoleone$08674 801 0$aIT$bUNINA$gRICA$2UNIMARC 901 $aBK 912 $a990000177640403321 952 $a13 AR 26 D 12$b19069$fFINBC 959 $aFINBC 996 $a1. : 506 p$9121398 997 $aUNINA DB $aING01 LEADER 01058nam a2200277 i 4500 001 991000992679707536 005 20020507104848.0 008 980706s1971 us ||| | eng 035 $ab10158455-39ule_inst 035 $aLE00640313$9ExL 040 $aDip.to Fisica$bita 084 $a53(082.2) 084 $a53.3.1/53.3.6 100 1 $aBrittin, Wesley E.$014903 245 10$aHigh energy collision of elementary particles /$cedited by Wesley E. Brittin and K.T. Mahanthappa 260 $aNew York :$bGordon and Breach Science Publishers,$c1971 300 $avii, 376 p. ;$c23 cm. 490 0 $aLectures in theoretical physics ;$v12 B 650 4$aHigh energy physics 700 1 $aMahanthappa, Kalyana T. 907 $a.b10158455$b17-02-17$c27-06-02 912 $a991000992679707536 945 $aLE006 53(042+082.2) BOU$g1$i2006000032018$lle006$o-$pE0.00$q-$rl$s- $t0$u0$v0$w0$x0$y.i10192293$z27-06-02 996 $aHigh energy collision of elementary particles$9187519 997 $aUNISALENTO 998 $ale006$b01-01-98$cm$da $e-$feng$gus $h0$i1